000 02075nam a2200277 a 4500
003 MX-MxUPN
005 20260507064225.0
007 cr |||aaaaaaa|
008 260427s2025 mx|a||||o ||| 000 0 spa d
020 _a9786072646094
040 _aMX-MxUPN
_bspa
_eaacr2
041 0 _aspa
050 1 4 _aLB1026
245 1 0 _aFuturos educativos :
_bpedagogías emergentes para un mundo complejo. Reflexiones desde la transdisciplina
_h[recurso electrónico en línea]
250 _aPrimera edición
260 _aCuernavaca, Morelos, México :
_bUniversidad Autónoma del Estado de Morelos,
_c2025.
300 _a1 recurso en línea (167 páginas) :
_bilustraciones, PDF
505 _tAlfabetidad visual a través de pedagogías emergentes: implicaciones sociales del consumo de imágenes chatarra /
_rEsteban Martínez Preciado.--
_tCambio afectivo-meta-emocional, un concepto emergente en la pedagogía contextualizada /
_rAdriana Canales Goerne.--
_tTendencias pedagógicas en la innovación curricular: cinco lecciones para aprender en el siglo XXI /
_rNorma Angélica Juárez Salomo.--
_tLa implementación de nuevas tecnologías en disciplinas creativas desde la mirada de los egresados /
_rMariana Teresa Silveyra Rosales.--
_tLa utilidad de los estudios fílmicos como acercamiento a las tendencias identitarias en la época del streaming /
_rManuela Límenes Westphalen.--
_tAutonomía del aprendizaje en la educación virtual: experiencias educativas en la virtualidad /
_rCarlos Humberto Hidalgo Menjívar, Carlos Roberto Monroy Alfaro, Isidro Cipriano Andaluz Lobo y Alberto José Oviedo Argueta.--
_tPaisajes lingüístico-mediáticos: una propuesta metodológica a partir del análisis de Roma de Alfonso Cuarón /
_rAldo Jiménez Tabone.
506 0 _aAcceso abierto
650 4 _aInnovaciones educativas
_9386
700 1 _aJuárez Salomo, Norma Angélica
_959385
_ecoordinación
700 1 _aSilveyra Rosales, Mariana Teresa
_959386
_ecoordinación
856 4 0 _uhttp://riaa.uaem.mx/handle/20.500.12055/4898
902 _aJohanaAllegre/270426
942 _2lcc
_cLIBRO-E
999 _c215002
_d215002